TV shows set in all 50 States - Statistics

General Stats
  • This quiz has been taken 83 times
  • The average score is 12 of 50
Answer Stats
Hint Answer % Correct
Parks and recreation Indiana
59%
Young Sheldon Texas
59%
The Walking Dead Georgia
55%
Roswell New Mexico
55%
Fargo Minnesota
53%
Grey's Anatomy Washington
53%
Chesapeake Shores Maryland
52%
Saved by the bell California
41%
Swamp thing Louisiana
41%
Cake boss New Jersey
40%
Gilmore Girls Connecticut
36%
Newharts Vermont
34%
Jumanji New Hampshire
31%
Orange is the new black New York
31%
Deadwood South Dakota
31%
Bonanza Nevada
29%
Community Colorado
28%
Once Upon A Time Maine
28%
Homeland Virginia
26%
Alice Arizona
24%
Bloodline Florida
24%
3rd rock from the sun Ohio
24%
Gold rush Alaska
22%
Dawson's Creek Massachusetts
22%
The simple life Arkansas
19%
Wayward Pines Idaho
19%
Gravity falls Oregon
17%
Pretty little liars Pennsylvania
17%
Apple's way Iowa
16%
Steven Universe Delaware
14%
Liv and Maddie Wisconsin
14%
Longmire Wyoming
14%
Jericho Kansas
12%
The famous Jett Jackson North Carolina
12%
Blood and oil North Dakota
12%
Still the king Tennessee
12%
As the world turns Illinois
10%
Low winter sun Michigan
10%
Saving Grace Oklahoma
10%
Any day now Alabama
9%
The astronaut wives club Mississippi
9%
Reckless South Carolina
9%
Touched by an angel Utah
9%
Inhumans Hawaii
7%
Outsiders Kentucky
7%
On our own Missouri
7%
Hawkins West Virginia
7%
Angel falls Montana
5%
Bless this mess Nebraska
5%
Brotherhood Rhode Island
5%
No matching quizzes found
Score Distribution
Percent of People with Each Score
Percentile by Number Answered
Your Score History
You have not taken this quiz